| 000 | 00481cam a2200181 a 4500 | ||
|---|---|---|---|
| 020 | _a0791802221 | ||
| 040 | _cDLC | ||
| 082 | 0 | 0 | _a628 ASM 2005 C147 Or. |
| 100 | 1 | _aLiu, Paul I. | |
| 245 | 1 | 0 | _aEnergy, technology, and the environment / |
| 250 | _a1st ed | ||
| 260 |
_aNew York, NY : _bASME Press, _cc2005 |
||
| 300 |
_axvii, 271 p. : _bill. ; _c26 cm |
||
| 650 | 0 | _aEnergy development | |
| 650 | 0 | _aEnergy consumption | |
| 650 | 0 | _aEnvironmental engineering | |
| 942 | _cAEDBB | ||
| 999 |
_c18524 _d18524 |
||